000 00568nam a22001931i 4500
001 18680
003 ES-MaACL
005 20230906151910.0
007 t|
008 020228s1981 sp ac |||| | spa
020 _a84-85617-01-0
080 _a929.2 Borbón(46)
100 1 _aFontán, Antonio.
_951585
245 1 0 _aÁlbum de la Familia Real Española /
_ctextos, Antonio Fontán.
260 _aMadrid :
_bPunto Editorial,
_c1981.
300 _a194 p :
_bil. col. y n., fot. ;
_c28 cm.
600 3 4 _aBorbón, Casa de-
_zEspaña.
_930350
852 _aES-MaACL
_jG-4647
999 _c18680
_d18680